| 000 | 01420cam a2200337 a 4500 | ||
|---|---|---|---|
| 003 | OSt | ||
| 005 | 20210208150532.0 | ||
| 008 | 021212t 2002ck r 000 0 spa d | ||
| 020 | _a9584203495 | ||
| 040 |
_aCO-BoPUJ _cCO-JMCR |
||
| 041 | 0 | _aspa | |
| 043 | _as-ck--- | ||
| 082 | 0 | 4 |
_a986.10634 / _bT626d _223 |
| 100 | 1 |
_aTéllez Mora, Édgar Enrique _eautor _913151 |
|
| 245 | 1 | 0 |
_aDiario íntimo de un fracaso : _bhistoria no contada del proceso de paz con las FARC / _cÉdgar Enrique Téllez Mora, Óscar Montes Padilla y Jorge Lesmes Mogollón |
| 250 | _aPrimera edición | ||
| 260 |
_aBogotá : _bPlaneta, _cc2002. |
||
| 300 |
_a381 páginas ; _c21 cm. |
||
| 504 | _aIncluye referencias bibliográficas. | ||
| 505 | 0 | _a10998 Soñando con la paz -- 1999 Un presidente en apuros -- 2000 Se enreda la pita -- 2001 El silencio de los inocentes -- 2002 El golpe de gracia | |
| 610 | 2 | 4 |
_aFuerzas Armadas Revolucionarias de Colombia _913152 |
| 610 | 1 | 4 |
_aColombia _bPresidente (1998-2002 : Pastrana Arango) _913153 |
| 650 | 2 | 4 |
_aProcesos de paz _zColombia _y1998-2002 _913154 |
| 650 | 2 | 4 |
_aFuerzas Armadas Revolucionarias de Colombia _94121 |
| 650 | 2 | 4 |
_aNegociación _913155 |
| 650 | 2 | 4 |
_aLa violencia política _911531 |
| 651 | 4 |
_aColombia _xPolítica y gobierno _y1998-2002 _913156 |
|
| 700 | 1 |
_aMontes Padilla, Óscar _eautor _913157 |
|
| 700 | 1 |
_aLesmes Mogollón, Jorge _eautor _913158 |
|
| 942 |
_2ddc _cBK |
||
| 999 |
_c7129 _d7129 |
||